| 000 | 00362nam a2200133Ia 4500 | ||
|---|---|---|---|
| 008 | 200103s9999||||xx |||||||||||||| ||und|| | ||
| 040 | _aIMU-MPC | ||
| 082 | _aColumn-62 | ||
| 100 | _aBeakley, George C. and Leach, H. W. | ||
| 245 | 0 | _aEngineering an introduction to a creative profession | |
| 260 |
_bMacmillan, London _c1967 |
||
| 300 | _axi, 548 | ||
| 942 | _cBK | ||
| 999 |
_c11112 _d11112 |
||